Ricostruisci la Carriera del Calciatore - Gianluca Pessotto - Statistics

Statistiche generali
  • Questo quiz è stato fatto 8 volte
  • Il punteggio medio è 2 su 6
Statistiche sulle risposte
Hint Risposta % Corretto
1995-2006 Juventus
75%
1994-1995 Torino
50%
1992-1993 Bologna
25%
1991-1992 Massese
25%
1989-1991 Varese
25%
1993-1994 Verona
25%
Nessun quiz corrispondente trovato
Distribuzione punteggi
Percentuale di utenti per punteggio
Percentile per numero di risposta
I tuoi punteggi nel tempo
Non hai fatto questo quiz